Relatos
Kaydedildi:
| Yazar: | |
|---|---|
| Materyal Türü: | Kitap |
| Dil: | İspanyolca |
| Baskı/Yayın Bilgisi: |
Córdoba
Universidad de Córdoba
2003
|
| Konular: | |
| Etiketler: |
Etiketle
Etiket eklenmemiş, İlk siz ekleyin!
|
MARC
| LEADER | 00000nam a2200000 a 4500 | ||
|---|---|---|---|
| 001 | UCL6542 | ||
| 003 | CL-VaPUC | ||
| 008 | 040416e20030000SP |||||||||||||||||spa|d | ||
| 020 | |a 8478016708 | ||
| 082 | 0 | 4 | |a 843 |b MER |2 21 |
| 100 | |a Mérimée, Prosper |e autor |9 484145 | ||
| 245 | 1 | 0 | |a Relatos |
| 300 | |a 673 p | ||
| 942 | |c BK | ||
| 945 | |d 20040416 00:00:00 |a cmena | ||
| 260 | |a Córdoba |b Universidad de Córdoba |c 2003 | ||
| 650 | 0 | |a Literatura francesa |9 266330 | |
| 650 | 0 | |a Cuentos franceses |9 265569 | |
| 583 | |a last modification |c 20040416 00:00:00 |k Rodrigo Vera | ||
| 999 | |c 308545 |d 308543 | ||
| 952 | |0 0 |1 0 |4 0 |6 843_000000000000000_MER_2003 |7 0 |8 A |9 375153 |a BIBEDU |b BIBEDU |d 2019-11-21 |i 3950859 |o 843 MER 2003 |p 3950859 |r 2019-11-21 |w 2019-11-21 |y BK |k LIT | ||